000 00426nam a2200157 4500
001 126862
003 ES-MaACL
005 20230906192909.0
007 t|
008 070214n19001980sp r ||||1| cat d
100 1 _aRibe, María del Carmen.
_996745
245 1 0 _aDel día a la nit /
_cMª del Carmen Ribe.
260 _aBarcelona :
_bCadí,
_c[19__?]
300 _a209 p. ;
_c18 cm.
852 _aES-MaACL
_jC-50848
_bR.67981
999 _c126862
_d126862